000 00796cab a2200265 4500
001 ABS55847
008 090401t1996 xxu||||| |||| 00| 0 eng d
035 _a(Sirsi) u19115
041 _aeng
100 _aTyler, G.
245 _aVisiting time
260 _c1996
350 _a0
490 _aProperty Week
_v56(12) 20 September 1996, 28-29(2)
520 _aLooks at the concepts of hotelling and hot-desking in offices and considers the problems that can arise when companies attempt to implement such systems.
650 _aHOT DESKING
650 _aHOTEL-STYLE OFFICES
650 _aHOTELLING
650 _aOFFICE SPACE
650 _aSERVICED OFFICES
650 _aWORKPLACE MANAGEMENT
690 _aOFFICE SERVICES AND ADMINISTRATION
942 _n0
948 _c04/03/1997
999 _c12730
_d12730